00426cam a2200169ua 4500001000500000005001700005008003900022040000900061082000800070100002800078245003400106250000900140260004700149300001600196653001400212653003000226294720260515113616.0110919n ii |||gr||||Z||||||asm cMAIN a920 aGogoi, Prabin,eAuthor.11aBisnu pranamcby Prabin Gogoi a1st. aNaharkatia:bChitralekha Prakashan,c2002. a86p:c23cm. aBiography aBiography of bisnu pranam